000 00705nmc a2200277 a 4500
003 AR-BaBNM
005 20251128211322.0
008 084020s2003 ||||||||||||||000 | spa||
020 _a987-20713-2-2
040 _cAR-BaBNM
100 1 _aRousseau, Jean-Jacques
245 1 0 _aReflexiones de un paseante solitario
260 _aBuenos Aires
_bQuadrata
_c2003
300 _a94 p.
490 0 _aColección Retrolecturas
650 4 _aLITERATURA FRANCESA
650 4 _aENSAYO
650 4 _aFILOSOFIA LITERARIA
653 _aNARRATIVA
653 _aMEMORIAS
653 _aFILOSOFIA MODERNA
655 _aLITERATURA
700 1 _aSanz, Carlos A.
_etraductor
942 _cBK
998 _cmartin
999 _c19142
_d19142